English Grammar. Уникальный курс эффективного и быстрого изучения английской грамматики: учебное пособие

Detalles Bibliográficos
Autor principal: Некрасова Е. В. Евгения Васильевна
Sumario:Данная книга поможет познакомиться с практическим механизмом овладения основными явлениями английской грамматики. Пособие содержит ответы на самые распространенные вопросы, возникающие у русскоязычной аудитории при изучении грамматики английского языка. Представлен большой объем теоретического материала, который иллюстрируется многочисленными примерами. Книга предназначена для широкого круга читателей, начиная от школьников средней школы и заканчивая студентами вузов, а также для изучающих язык самостоятельно.
Lenguaje:ruso
inglés
Publicado: Москва, Эксмо, 2011
Edición:3-е изд.
Colección:Сделай себя сам
Materias:
Formato: Libro
KOHA link:https://koha.lib.tpu.ru/cgi-bin/koha/opac-detail.pl?biblionumber=185016

MARC

LEADER 00000nam0a2200000 4500
001 185016
005 20231101223904.0
010 |a 9785699380589 
035 |a (RuTPU)RU\TPU\book\200652 
090 |a 185016 
100 |a 20100929d2011 m y0rusy50 ca 
101 0 |a rus  |a eng 
102 |a RU 
105 |a y j 001zy 
200 1 |a English Grammar. Уникальный курс эффективного и быстрого изучения английской грамматики  |e учебное пособие  |f Е. В. Некрасова 
205 |a 3-е изд. 
210 |a Москва  |c Эксмо  |d 2011 
215 |a 304 с. 
225 1 |a Сделай себя сам 
320 |a Библиогр.: с. 303. 
330 |a Данная книга поможет познакомиться с практическим механизмом овладения основными явлениями английской грамматики. Пособие содержит ответы на самые распространенные вопросы, возникающие у русскоязычной аудитории при изучении грамматики английского языка. Представлен большой объем теоретического материала, который иллюстрируется многочисленными примерами. Книга предназначена для широкого круга читателей, начиная от школьников средней школы и заканчивая студентами вузов, а также для изучающих язык самостоятельно. 
606 1 |a Английский язык  |x Учебные руководства и пособия для высшей школы  |x Пособия по грамматике  |2 stltpush  |3 (RuTPU)RU\TPU\subj\29073  |9 52485 
610 1 |a части речи 
610 1 |a синтаксис 
610 1 |a упражнения 
610 1 |a переводы 
610 1 |a морфология 
686 |a Ш143.21-923.2  |v LBC/SL-A  |2 rubbk 
700 1 |a Некрасова  |b Е. В.  |g Евгения Васильевна 
801 1 |a RU  |b 63413507  |c 20100929 
801 2 |a RU  |b 63413507  |c 20110407  |g RCR 
942 |c BK 
959 |a 65/20100929  |d 1  |e 176,92  |f ЧЗИЛ:1